Galileo Galilei

Gardado en:
Detalles Bibliográficos
Autor Principal: Geymonat, Ludovico (Author)
Formato: Libro
Idioma:Lingua castelá
Publicado: Barcelona Península 1969
Series:Nueva Colección Ibérica
Subjects:
Tags: Engadir etiqueta
Sen Etiquetas, Sexa o primeiro en etiquetar este rexistro!

MARC

LEADER 00000nam a2200000 a 4500
001 UCT1978
003 CL-VaPUC
008 961004e19690000SP |||||||||||||||||spa|d
082 0 4 |a 925.2  |b GEY  |2 21 
100 |a Geymonat, Ludovico  |e author  |9 371033 
245 1 0 |a Galileo Galilei 
300 |a 234 p 
942 |c BK 
945 |d 19961004 00:00:00  |a paguirre 
260 |a Barcelona  |b Península  |c 1969 
600 0 |a Galilei, Galileo  |9 264973 
650 0 |a Biografías  |9 255210 
650 0 |a Científicos   |9 262025 
650 0 |a Física   |9 227844 
650 0 |a Astronomía  |9 260985 
583 |a last modification  |c 20160907 08:28:30  |k Rodrigo Vera 
490 0 |a Nueva Colección Ibérica 
999 |c 252289  |d 252287 
952 |0 0  |1 0  |4 0  |6 925_200000000000000_GEY_1969  |7 0  |8 A  |9 272069  |a BIBCUR  |b BIBCUR  |d 2019-11-19  |i 1756451  |o 925.2 GEY 1969  |p 1756451  |r 2025-04-22  |w 2019-11-19  |y BK  |k BCB 
952 |0 0  |1 0  |4 0  |6 925_200000000000000_GEY_1969  |7 0  |8 A  |9 272070  |a BIBCUR  |b BIBCUR  |d 2019-11-19  |i 4534468  |o 925.2 GEY 1969  |p 4534468  |r 2025-04-22  |w 2019-11-19  |y BK  |k FIS